Los ferrocarriles de Chile
Salvato in:
| Autore principale: | |
|---|---|
| Natura: | Libro |
| Lingua: | spagnolo |
| Pubblicazione: |
Santiago, Chile
Cervantes
1916
|
| Soggetti: | |
| Tags: |
Aggiungi Tag
Nessun Tag, puoi essere il primo ad aggiungerne!!
|
MARC
| LEADER | 00000nam a2200000 a 4500 | ||
|---|---|---|---|
| 001 | UCO2067 | ||
| 003 | CL-VaPUC | ||
| 005 | 20210824191757.0 | ||
| 008 | 000602e19160000CL |||||||||||||||||spa|d | ||
| 999 | |c 288608 |d 288606 | ||
| 040 | |c Pontificia Universidad Católica de Valparaíso | ||
| 082 | 0 | 4 | |a 385.0983 MAR 1916 |2 21 |
| 100 | |a Marín Vicuña, Santiago |e autor |9 507327 | ||
| 245 | 1 | 4 | |a Los ferrocarriles de Chile |
| 260 | |a Santiago, Chile |b Cervantes |c 1916 | ||
| 300 | |a pag. irreg | ||
| 583 | |a last modification |c 20000602 00:00:00 |k Rodrigo Vera | ||
| 650 | 0 | |a Ferrocarriles |z CHILE |9 260933 | |
| 650 | 0 | |a Historia |x TRANSPORTE FERROVIARIO |9 255047 | |
| 852 | |a BIBCUR | ||
| 942 | |c BK |2 ddc | ||
| 945 | |d 20000602 00:00:00 |a crobeson | ||
| 952 | |0 0 |1 0 |2 ddc |4 0 |6 385_098300000000000_MAR_1916 |7 0 |8 X |9 336397 |a BIBHIS |b BIBHIS |d 2019-11-20 |i 1278126 |l 1 |o 385.0983 MAR 1916 |p 1278126 |r 2024-01-30 |s 2023-06-23 |t 1 |w 2019-11-20 |y BK_X |k HIS | ||